| 000 | 00746nam a2200241 a 4500 | ||
|---|---|---|---|
| 999 |
_c12028 _d12028 |
||
| 001 | 12028 | ||
| 003 | BD-JhCC | ||
| 005 | 20210308091553.0 | ||
| 008 | 200329s19942019b |||| ||a| 000 0 ben d | ||
| 020 | _a9789840423248 | ||
| 035 | _a(BD-JhCC)12028 | ||
| 040 |
_aBD-JhCC _dBD-JhCC |
||
| 041 | _aben | ||
| 082 |
_a923.1 _bBIS 2019 |
||
| 100 | _aবিশ্বাস,বি বি | ||
| 245 |
_aএকাত্তরে মুজিবনগর / _cবি বি বিশ্বাস । |
||
| 260 |
_aঢাকা: _bআগামী প্রকাশনী; _c২০১৯. |
||
| 300 |
_a৯৬পৃ. : _c২০ সেমি. |
||
| 600 | _aRahaman, shekh Mojibur | ||
| 650 | _aBiography | ||
| 942 |
_2ddc _cBK |
||